Bhutan poverty analysis report 2017 / (Record no. 6740)

MARC details
000 -LEADER
fixed length control field 00536nam a2200169 4500
001 - CONTROL NUMBER
control field 7853
005 - DATE AND TIME OF LATEST TRANSACTION
control field 20181127184511.0
020 00 - INTERNATIONAL STANDARD BOOK NUMBER
International Standard Book Number 9789993628217
090 00 - LOCALLY ASSIGNED LC-TYPE CALL NUMBER (OCLC); LOCAL CALL NUMBER (RLIN)
Classification number (OCLC) (R) ; Classification number, CALL (RLIN) (NR) 339.46 N27b 2017.
110 ## - MAIN ENTRY--CORPORATE NAME
Corporate name or jurisdiction name as entry element National Statistics Bureau.
Subordinate unit
Location of meeting
Date of meeting or treaty signing
Relator term
Number of part/section/meeting
Name of part/section of a work
245 00 - TITLE STATEMENT
Title Bhutan poverty analysis report 2017 /
Remainder of title
Statement of responsibility, etc. National Statistics Bureau.
Medium
260 00 - PUBLICATION, DISTRIBUTION, ETC.
Place of publication, distribution, etc. [Thimphu] :
Name of publisher, distributor, etc. National Statistics Bureau,
Date of publication, distribution, etc. 2017.
300 00 - PHYSICAL DESCRIPTION
Extent viii, 55 p. ; 21 cm.
650 00 - SUBJECT ADDED ENTRY--TOPICAL TERM
Topical term or geographic name entry element Bhutan --Social conditions.
General subdivision
Topical term or geographic name entry element Poverty --Government policy --Bhutan.
General subdivision
Topical term or geographic name entry element Poverty.
General subdivision
Holdings
Withdrawn status Lost status Source of classification or shelving scheme Damaged status Not for loan Collection code Home library Current library Shelving location Date acquired Serial Enumeration / chronology Inventory number Total Checkouts Full call number Barcode Date last seen Date last checked out Copy number Price effective from Koha item type
    Dewey Decimal Classification     Periodicals RTC Library RTC Library Periodicals 27/02/2023 11835 2 Periodicals Serials 30011853 26/04/2023 26/04/2023 1 27/11/2018 Periodicals
    Dewey Decimal Classification     Periodicals RTC Library RTC Library Periodicals   11847   Periodicals Series 30011977 27/11/2018   2 27/11/2018 Periodicals
Royal Thimphu College || All Right Reserved